000 01306nam a2200337 i 4500
003 EG-GICUC
005 20260228131332.0
008 260206s2000 ua |||fr|||| 00| 0 ara d
017 _a11271/77
_a11271/2000
040 _a EG-GICUC
_bara
_c EG-GICUC
_d EG-GICUC
_erda
041 0 _aAra
082 0 4 _221
_a343.5
_bم ح . ت
092 0 4 _221
099 _aLaw1 10 343.5 م ح . ت 2000
100 0 _aمحمد عبدالشافى إسماعيل
_eمؤلف.
245 1 0 _aتطوير القانون الجنائى طبقا لأحكام الشريعة الإسلامية /
_cتأليف الدكتور محمد عبدالشافى إسماعيل.
250 _aالطبعة الأولى
264 1 _aالقاهرة :
_bدار النهضة العربية،
_c2000.
264 3 _aأسيوط :
_bمطبعة إيجيبت كوبى سنتر،
300 _a276 ؛صفحة
_c24 سم.
336 _2rda content
_atext
337 _2rda media
_aComputer
338 _2rda carrier
_aOnline Resource
504 _a255-261 ببليوجرافيا: صفحات.
546 _aالنص باللغة العربية
650 1 _aالقانون الجنائى الدولى
_2qrmak
651 1 _2qrmak
856 4 0 _uhttps://fll.law.cu.edu.eg/fulltext/bks/B10-08286.pdf
905 _a54
942 _2ddc
_cBK
_e21
_n0
999 _c61415
_d61415